000 00515nam a2200157Ia 4500
008 200903s9999 xx 000 0 und d
020 _a978-981-4780-51-3
100 _aLarson, Ron
245 _cRon Larson
_aElementary linear algebra/
250 _a8th ed.
260 _aSingapore:
_bCengage Learning Asia Pte Ltd.
_c2019
300 _axiv, 398 pages
_c25 cm.
500 _aIncludes bibliographical references and index
650 _aArt -- Vocational guidance
650 _aNew business enterprises -- Management
999 _c364050
_d364050